Statistics for DEFCON Level Code Names

Click here to take the quiz!

General Stats

  • This quiz has been taken 9 times
  • The average score is 4 of 5

Answer Stats

HintAnswer% Correct
1Cocked Pistol
100%
3Round House
100%
4Double Take
75%
5Fade Out
50%
2Fast Pace
25%

Score Distribution

Percentile by Number Answered

Percent of People with Each Score

Your Score History

You have not taken this quiz